Hosea: (Record no. 4318)

MARC details
000 -LEADER
fixed length control field 00538nam a22001817a 4500
003 - CONTROL NUMBER IDENTIFIER
control field GBCCL
005 - DATE AND TIME OF LATEST TRANSACTION
control field 20241126110516.0
008 - FIXED-LENGTH DATA ELEMENTS--GENERAL INFORMATION
fixed length control field 180118b xxu||||| |||| 00| 0 eng d
040 ## - CATALOGING SOURCE
Transcribing agency gbc
082 ## - DEWEY DECIMAL CLASSIFICATION NUMBER
Classification number 224.607
Item number GAR
100 ## - MAIN ENTRY--PERSONAL NAME
Personal name Garland, D. David
9 (RLIN) 8143
245 ## - TITLE STATEMENT
Title Hosea:
Remainder of title A Study Guide Commentary /
Statement of responsibility, etc. D. David Garland
260 ## - PUBLICATION, DISTRIBUTION, ETC.
Place of publication, distribution, etc. Michigan:
Name of publisher, distributor, etc. Zondervan Publishing House,
Date of publication, distribution, etc. 1975
300 ## - PHYSICAL DESCRIPTION
Extent 81 p.;
Dimensions 22 cm.
440 ## - SERIES STATEMENT/ADDED ENTRY--TITLE
Title The Study Guide Series
9 (RLIN) 8144
650 ## - SUBJECT ADDED ENTRY--TOPICAL TERM
Topical term or geographic name entry element Bible
Form subdivision Old Testament
-- Hosea
General subdivision Commentary
9 (RLIN) 8145
942 ## - ADDED ENTRY ELEMENTS (KOHA)
Source of classification or shelving scheme Dewey Decimal Classification
Koha item type Books
Koha issues (borrowed), all copies 7
Holdings
Withdrawn status Lost status Source of classification or shelving scheme Damaged status Not for loan Home library Current Library Shelving location Date acquired Total checkouts Full call number Barcode Date last seen Date last checked out Copy number Price effective from Koha item type
    Dewey Decimal Classification     GRACE BIBLE COLLEGE GRACE BIBLE COLLEGE Biblical Studies 2018-01-18 7 224.607 GAR 008335 2025-05-01 2024-01-27 c.1 2018-01-18 Books
© Grace Bible College Library 2025